Ever After High characters - Statistics

General Stats
  • This quiz has been taken 18 times
  • The average score is 31 of 49
Answer Stats
Hint Answer % Correct
Apple White
100%
EAH students and their parents Raven Queen
100%
Briar Beauty
93%
Bunny blanc
93%
Cerise Hood
93%
Daring Charming
93%
Darling Charming
93%
Duchess Swan
93%
Evil queen
93%
Madeline Hatter
93%
Snow White
93%
Alistair Wonderland
86%
Ashlynn Ella
86%
Dexter Charming
86%
Hunter Huntsman
86%
Kitty Cheshire
86%
Rosabella Beauty
86%
Cedar Wood
79%
Giles Grimm
79%
Wonderland Lizzie Hearts
79%
Blondie Lockes
71%
Milton Grimm
71%
C.A. Cupid
64%
Ginger Breadhouse
64%
Mad Hatter
64%
Red Queen
64%
Snow Queen
64%
Teachers White Queen
64%
Cheshire cat
57%
Faybelle Thorn
57%
Holly O'Hair
57%
Poppy O'Hair
57%
Sparrow Hood
57%
Queen of hearts
50%
Baba Yaga
43%
Epic winter Crystal Winter
43%
Hopper Croakington
36%
Jackie Frost
36%
Snow King
36%
Courtly Jester
29%
Meeshell Mermaid
29%
Melody Piper
29%
Ramona Badwolf
29%
Tiny
29%
Badwolf
21%
Humphrey Dumpty
21%
Northwind
21%
Mira Shards
14%
Chase Redford
7%
No matching quizzes found
Score Distribution
Percent of People with Each Score
Percentile by Number Answered
Your Score History
You have not taken this quiz